000 00493nab a2200145Ia 4500
003 ES-SlBCS
005 20220906011052.0
008 140529s1982-83 xxu||||| |||| 00| 0 eng d
041 _aeng
100 1 _aCaputo, John D.
_910759
245 0 4 _aThe Thought of Being and the Conversation of Mankind: The Case of Heidegger and Rorty
_c John D. Caputo
600 1 0 _aHeidegger, Martín
_d(1889-1976)
_917559
773 0 _tReview of Methaphysics
_gvol. 36, 1982-83, págs. 661-686
_wRev843
942 _cAR
999 _c530796
_d530796